[Event "Rubinstein Memorial 32nd"]
[Site "Polanica Zdroj"]
[Date "1995.??.??"]
[Round "1"]
[White "Markowski, Tomasz"]
[Black "Sosonko, Gennadi"]
[Result "1/2-1/2"]
[WhiteElo "2530"]
[BlackElo "2525"]
[Annotator "Ribli,Z"]
[PlyCount "74"]
[EventDate "1995.08.??"]
[EventType "tourn"]
[EventRounds "11"]
[EventCountry "POL"]
[EventCategory "14"]
[SourceTitle "CBM 049"]
[Source "ChessBase"]
[SourceDate "1995.12.01"]
[SourceVersion "1"]
[SourceVersionDate "1995.12.01"]
[SourceQuality "1"]

1. c4 e6 2. Nf3 d5 3. b3 Be7 4. Bb2 Nf6 (4... Bf6 $5 {Diese originelle Idee
gilt ebenfalls als eine spielbare Fortsetzung.} 5. Qc2 Bxb2 6. Qxb2 Nf6 7. e3
O-O 8. d4 Nbd7 9. Nc3 Qe7 10. cxd5 exd5 11. g3 c6 12. Bg2 Ne4 13. O-O Ndf6 14.
b4 Bf5 15. Rfc1 a6 16. a4 Nxc3 17. Rxc3 Ne4 18. Rcc1 Nd6 19. Nd2 Bd7 20. Nb3
Rad8 21. Re1 Rfe8 $10 {Psakhis,L-Serper,G/Novosibirsk/1993/CBM36/INF58,(13)/})
5. cxd5 {Der ungarische Grossmeister Istvan Csom spielt diesen Zug häufig, er
gibt der Variante einen ungewoehnlichen Charakter.} exd5 6. e3 O-O 7. Be2 Bd6 (
7... Bf5 8. O-O h6 9. d3 c6 10. Nbd2 a5 11. a3 Re8 12. Re1 Na6 13. Bf1 Nc5 14.
Qc2 Bf8 15. Bc3 Bh7 16. b4 axb4 17. axb4 Rxa1 18. Rxa1 Na6 19. Qb2 Nc7 20. Nd4
Nd7 21. N2f3 Nb6 22. Ra5 $14 {Weiss steht etwas besser, weil er auch die
a-Linie und die schwarzen Felder herrscht und der Nachziehende hat kein
realistisches Gegenspiel am Koenigs- fluegel. Csom,I-Unzicker,F/Budapest
ExpFSGM/1993/EXP37/}) (7... c6 8. O-O Bg4 9. d3 Nbd7 10. Nbd2 a5 11. a3 Re8 12.
Re1 Bf8 13. Bc3 Qb6 14. Qb1 Ra7 15. h3 Bxf3 16. Nxf3 g6 17. Bf1 Bg7 18. Qb2 Nh5
19. Bxg7 Nxg7 20. Rec1 Ne6 21. d4 Rea8 22. Ne1 f5 23. Nd3 Rf8 24. b4 axb4 25.
axb4 Rxa1 26. Qxa1 f4 27. Qa5 $1 fxe3 28. fxe3 Qxa5 29. bxa5 Ra8 30. Ra1 Nd8
31. Nb4 Kf8 32. Ra2 Ke7 33. a6 b5 $6 (33... bxa6 $5) 34. Bd3 $16 {Csom,I-Barle,
J/Bern/1992/CBM28/}) 8. O-O Re8 9. d3 c5 $5 10. d4 {Wir sehen jetzt eine
typische Tarrasch-stellung. Beide Spielern haben ein Tem- po verloren (Weiss
mit d3-d4, Schwarz mit Be7-d6).} cxd4 11. Nxd4 Nc6 12. Nd2 Bd7 (12... a6 13.
N2f3 Bg4 14. Rc1 Nxd4 15. Nxd4 Bxe2 16. Qxe2 Be5 17. Nf3 Bxb2 18. Qxb2 $14 {
Remis! Kharitonov,A-Tukmakov,V/URS-FL56 Simferopol/1988/CBM11/ Weiss sollte
weiterspielen, weil die d5-Bauer ist schwach.}) 13. N2f3 {Droht /\ 14.Nb5,
Bxf6, Qxd5 mit Bauerngewinn.} a6 14. Rc1 Qe7 (14... Rc8 15. Nxc6 (15. Qd3 $5)
15... bxc6 16. Bxa6 $6 Ra8 17. Bb7 $6 Rxa2 18. Bxf6 Qxf6 19. Bxc6 $2 (19. Qd4
$5) 19... Bxc6 20. Rxc6 Bxh2+ 21. Nxh2 Qxc6 $19) 15. Qc2 {Droht /\ Nf5.} Ne4
16. Qb1 Bg4 17. Nxc6 (17. Rfd1 $2 Nxd4 18. Bxd4 Bxf3 19. Bxf3 Bxh2+ 20. Kxh2
Qh4+ 21. Kg1 Qxf2+ 22. Kh2 Re6 23. Bg4 Rh6+ 24. Bh3 Rxh3+ 25. Kxh3 Qg3#) 17...
bxc6 18. Qd3 (18. Rxc6 $2 Bxf3 19. Bxf3 Nd2 20. Qf5 $1 Nxf1 21. Kxf1 Be5 22.
Bxe5 Qxe5 23. Qxe5 Rxe5 24. Rd6 Kf8 $15) 18... Bd7 19. Rc2 a5 (19... Bf5 $2 20.
Qd4 $1 (20. Rxc6 Ng3 $17) 20... Qf8 21. Rxc6 $18) 20. Qd4 f6 21. Rfc1 Rec8 22.
Bd3 $14 {Weisse Figuren stehen vorteilhaft (die Tuerme auf der c-Linie, die
Dame im Zentrum und die Leichtfiguren sehen auf den schwarzen Koenigsfluegel).}
Bb4 $5 23. Bxe4 Qxe4 $1 {Schwarz soll die Dame tauschen.} (23... dxe4 24. Nd2
Bxd2 25. Rxd2 $14 {Die ungleichfarbige Laeufer verstaerkt nur die weissen
Angriffchancen.}) 24. Qxe4 dxe4 25. Nd2 (25. Nd4 c5 26. Ne2 a4 $13) 25... Bxd2
$1 {Die richtige Entscheidung!} (25... f5 26. Nc4 $16 {Schwarz kann die
verschiedene Drohungen /\ (Nb6 oder Ne5 oder Bc3) nicht gut parieren.}) 26.
Rxd2 Be6 27. Rd4 a4 $5 {Mit diesem Baueropfer will Schwarz die weitere
Massierung verhindern.} (27... Bd5 28. Rc5 Rcb8) (27... Bd5 28. Ra4 $5 {
Droht /\ Rc5 oder Bc3.} (28. Rc5 $6 Rcb8 $1 29. Ra4 Rb5 30. Bd4 Kf7 $10)) 28.
Rxe4 {Nach dieser Fortsetzung erreicht Schwarz die Remishafen.} (28. bxa4 $5)
28... Bd5 29. Rxa4 Rxa4 30. bxa4 Ra8 31. a3 Rxa4 32. f3 f5 33. Kf2 Kf7 34. Rd1
{Weiss braucht eine offene Linie fuer seinen Turm.} Rc4 35. Be5 g5 36. Rd2 (36.
Rb1 Rc2+ 37. Kg3 h5 $13) 36... Ke6 37. Bg7 h5 1/2-1/2

[Event "NED-ch55"]
[Site "Rotterdam"]
[Date "2000.05.19"]
[Round "11"]
[White "Van der Sterren, Paul"]
[Black "Piket, Jeroen"]
[Result "1-0"]
[WhiteElo "2526"]
[BlackElo "2633"]
[Annotator "Ribli,Z"]
[PlyCount "75"]
[EventDate "2000.05.07"]
[EventType "tourn"]
[EventRounds "11"]
[EventCountry "NED"]
[EventCategory "12"]
[SourceTitle "CBM 077"]
[Source "ChessBase"]
[SourceDate "2000.07.27"]
[SourceVersion "1"]
[SourceVersionDate "2000.07.27"]
[SourceQuality "1"]

1. c4 e6 2. g3 d5 3. Bg2 Nf6 (3... dxc4 $5 4. Qa4+ Nd7 5. Qxc4 c5) 4. Nf3 c6 {
Eine relativ selten gespielte Fortsetzung. Die Hauptalternativen sind 4....Be7
und 4...dxc4.} 5. b3 a5 (5... b5) 6. Bb2 (6. O-O a4 7. Na3 (7. bxa4 Nbd7 8. d4
Qa5 9. cxd5 exd5 10. Qd3 Be7 11. Nc3 O-O 12. Bd2 Bb4 {0-1 Kostin,A-Lastin,A/
Moscow 1995/CBM 50 ext (29)}) (7. Bb2 a3 8. Bc1 $5 (8. Bc3 b5 9. Bxf6 Qxf6 10.
d4 Nd7 11. Nbd2 Bb4 12. e4 O-O 13. e5 Qg6 14. cxd5 cxd5 15. Rc1 Ba6 16. Rc7
Rfd8 17. Qb1 {1-0 Landa,K-Rodin,M/Azov 1996/CBM 56 ext (59)}) 8... b5 9. d4 Be7
10. c5 {[%csl Ra3]} b4 11. Ne1 Na6 12. Nd2 $13 (12. Nd3) 12... e5 {1-0 Nikolic,
P-Cifuentes Parada,R/Rotterdam 1997/CBM 60/[Ribli] (66)}) 7... Bd6 8. d4 $5
axb3 9. axb3 b6 10. Bb2 Bb7 11. Nc2 Na6 12. Nd2 O-O 13. e4 dxe4 14. Nxe4 Nxe4
15. Bxe4 Qc7 16. Qh5 g6 17. Qe2 e5 18. Rae1 exd4 19. Nxd4 Rae8 20. Qf3 $14 {
Gurevich,M-Bareev,E/Groningen 1993/Inf 59 (20)}) 6... a4 7. Na3 {Mit dieser
Entwicklung des Springers unterbindet Weiß die mögliche Forsetzung mit a3. So
kommt das schwarze Spiel am Damenflügel nicht weiter, er kann maximal noch den
Bauerntausch axb3 erreichen..} (7. bxa4 $6 dxc4 8. Qc2 Qa5 9. Qxc4 Qxa4 $11)
7... Be7 8. O-O O-O 9. d3 $5 (9. d4 {Dieser Zug gefällt mir nicht, denn
Schwarz erhält so die volle Kontrolle über das Feld e4.} b6 10. Ne5 Bb7 11. Qc1
axb3 (11... Na6 $5) (11... Na6 $5) 12. axb3 Na6 13. Rd1 Bd6 14. Bc3 Qe7 15. Qb2
Rfb8 $5 {/\ Nc7, c5=} 16. e3 Ne4 {1/2-1/2 Agdestein,S-Nogueiras,J/Biel (izt)
1993/Inf 59/[Nogueiras,J] (36)}) 9... Na6 {Der schwarze Bc8 ist eingeschlossen.
Schwarz besitzt jedoch Aktivität am Damenflügel.} 10. Nc2 Bd7 (10... Qb6 $5)
11. Ne5 (11. Rb1 axb3 12. axb3 Nc5 13. Bd4 $11) 11... Qc7 (11... Qb6) 12. e3
$14 {[%csl Ge5][%cal Gb2h8,Gg2a8] Weiß hat das bessere Figurenspiel - seine
zwei Läufer stehen gut auf den großen Diagonalen, während der gegnerische
weißfeldrige Läufer eine passive Rolle spielt .} (12. bxa4 $6 Nc5) 12... axb3
13. axb3 Nc5 (13... Nb4 $2 14. Nxb4 Bxb4 15. Nxd7 Nxd7 16. cxd5 cxd5 17. Bxg7
Kxg7 18. Qg4+ {[%cal Rg4b4,Rg4g7]}) 14. Rxa8 (14. b4 $6 Na4 $132) 14... Rxa8
15. b4 Na4 (15... Na6 16. Qd2 $14) 16. Ba1 {[%csl Ra4] Der Na4 steht
unglücklich - Weiß hat die Initiative inne.} Be8 (16... b5 17. c5 {[%csl Ra4]
Der schwarze Na4 spielt eine passive Rolle.}) 17. c5 b6 {Schwarz beginnt Spiel
am Damenflügel und möchte den Na4 befreien.} (17... Nd7 $5 {Es wäre logisch,
den starken Ne5 abzutauschen.} 18. Nxd7 Bxd7) 18. d4 Ne4 (18... bxc5 19. bxc5
$14) 19. f3 (19. Qd3 bxc5 20. bxc5 f6 21. Nf3 Bg6 {[%cal Gg6c2]} 22. Qb3 e5 $13
) 19... Nec3 20. Qd2 (20. Qd3 $6 Nb5 {Jetzt muss Weiß mit f7-f6 und Be8-g6
rechnen.}) 20... Nb5 21. Nd3 f6 22. e4 {[%csl Gc5,Gd4,Ge4] Weiß hat spürbar
die Oberhand im Zentrum, zudem wirken seine Figuren besser zusammen - man
betrachte nur die passiven und exponierten Na4 und Nb5.} bxc5 23. bxc5 dxe4 (
23... e5 24. dxe5 fxe5 25. Bxe5 Bxc5+ 26. Kh1 $14) 24. fxe4 e5 {Schwarz
verliert die Geduld und setzt auf sofortiges Gegenspiel im Zentrum. Die
Öffnung der Stellung ist am Ende jedoch vorteilhaft für Weiß.} (24... Bg6 25.
Qe3 $14 (25. Nf4 $6 e5 $132)) 25. dxe5 (25. Qb4 exd4 26. Nxd4 Nxd4 27. Bxd4 Qa5
$11) 25... fxe5 26. Bxe5 Bxc5+ 27. Kh1 (27. Nxc5 Qxe5 $11) 27... Qe7 28. Ne3 {
[%cal Ge3f5,Gf5e7,Gf5g7]} Bxe3 29. Qxe3 {[%csl Ge5,Gg2] Weiß hat das
Läuferpaar und Initiative am Königsflügel.} Nac3 (29... Bf7 30. Rc1 Ra6) 30.
Bxc3 $1 {Weiß gibt seinen starken (!) schwarzfeldrigen Läufer her, erhält
dadurch aber sofort Angriffschancen - sein Pe4 wird besonders stark.} (30. Qc5
Qxc5 31. Nxc5 Bg6 32. Bxc3 Nxc3 33. e5 Nd5 $11) (30. Rc1 Ra3 $132) 30... Nxc3
31. Qd4 Nb5 (31... Ra3 32. Qc4+ Kh8 (32... Bf7 33. Qxc6 $16) 33. e5 $16) 32.
Qc4+ Kh8 33. e5 $16 {[%mdl 128] Der Nb5 ist in seinem Bewegungsspielraum
eingeschränkt, der Pc6 ist schwach. Und noch dazu hat Schwarz Probleme bei der
Koordination seiner Figuren.} h6 34. e6 {[%csl Ge6]} (34. Bxc6 $2 Rc8) 34...
Nd6 35. Qb3 Bg6 $2 {[%mdl 8192] Ein Fehler in schwerer Stellung. Der Textzug
verliert sofort, weil Schwarz seinem Gegner ein entscheidendes Tempo schenkt.}
(35... Nb5 $142 $16) 36. Ne5 $18 Qg5 (36... Be8 37. Bxc6) (36... Be4 $4 37.
Bxe4 Nxe4 38. Ng6+ {[%cal Rg6h8,Rg6e7]}) 37. e7 $1 {Der Pe7 ist wegen des
Motivs Nxg6+ tabu .} (37. Bxc6 $18) 37... Bh7 (37... Kh7 38. Qe6 $18) 38. Rf8+
{[%csl Rh8]} 1-0

[Event "Ciocaltea Memorial"]
[Site "Bucharest"]
[Date "1993.??.??"]
[Round "?"]
[White "Hauchard, Arnaud"]
[Black "Kiselev, Sergey"]
[Result "1/2-1/2"]
[WhiteElo "2450"]
[BlackElo "2510"]
[Annotator "Ribli,Z"]
[PlyCount "83"]
[EventDate "1993.02.??"]
[EventType "tourn"]
[EventRounds "15"]
[EventCountry "ROU"]
[EventCategory "10"]
[SourceTitle "CBM 034"]
[Source "ChessBase"]
[SourceDate "1993.06.01"]
[SourceVersion "1"]
[SourceVersionDate "1993.06.01"]
[SourceQuality "1"]

1. Nf3 Nf6 2. c4 e6 3. g3 d5 4. Bg2 dxc4 5. Qa4+ Nbd7 6. Qxc4 c5 7. d3 Bd6 (
7... a6 8. Qb3 $1 Bd6 9. a4 Rb8 10. a5 Bc7 11. Bd2 O-O 12. O-O Re8 13. Qa4 e5
14. Nc3 $14 {Makarov,M-Matychenkov,V Smolensk 1991 CBM/24}) 8. a4 (8. O-O O-O
9. Qb3 Nb6 $6 (9... Rb8 $5) 10. Nc3 h6 11. Nd2 Be7 12. a3 Nfd5 13. Nc4 Nxc4 14.
Qxc4 Nb6 15. Qb3 a5 16. Be3 $14 {Sherbakov,R-Aleksandrov,A URS-ch58 1991 CBM/27
}) 8... O-O 9. Qb3 (9. O-O b6 10. Ng5 Ne5 11. Qc2 Nd5 12. d4 Ng6 13. Nc3 $14 {
Makarov,M-Sveshnikov,E Podolsk 1992 CBM/33}) 9... Ne5 (9... Rb8 10. Na3 $1 Bc7
11. Nb5 Ba5+ 12. Nd2 a6 13. Nc3 b5 14. axb5 axb5 15. O-O Qb6 16. Nde4 $14 {
Sherbakov,R-Palac,M Bled op 1992 CBM/29}) 10. Nxe5 Bxe5 11. O-O Rb8 12. Na3 Nd5
13. Nc4 Bc7 14. Ne3 $1 Ne7 (14... Nxe3 15. Bxe3 $14) 15. Qc3 b6 16. b4 cxb4 17.
Qxb4 Bb7 18. Bxb7 Rxb7 19. Bb2 Bd6 20. Qg4 (20. Qd4 $5 f6 $14) 20... Ng6 21.
Nc4 Bc5 22. h4 Qd5 $1 23. h5 f5 24. Qg5 (24. Qf3 Qxf3 25. exf3 Ne7 26. Rfe1 Rd8
27. Rad1 Rbd7 $13) 24... f4 $1 25. Qxd5 exd5 26. hxg6 dxc4 27. gxh7+ Kxh7 28.
Ba3 $1 $10 Bxa3 29. Rxa3 Re7 30. dxc4 Rxe2 31. a5 $1 Rc2 32. axb6 axb6 33. Rb3
f3 34. Rxb6 Rxc4 35. Re1 Rf7 36. Rbe6 g5 37. Re7 Rxe7 38. Rxe7+ Kg6 39. Re3
Rc1+ 40. Kh2 g4 41. Re6+ Kf5 42. Re5+ $1 1/2-1/2

[Event "Linares 11th"]
[Site "Linares"]
[Date "1993.??.??"]
[Round "8"]
[White "Gelfand, Boris"]
[Black "Shirov, Alexei"]
[Result "0-1"]
[WhiteElo "2690"]
[BlackElo "2670"]
[Annotator "Ribli,Z"]
[PlyCount "78"]
[EventDate "1993.02.??"]
[EventType "tourn"]
[EventRounds "13"]
[EventCountry "ESP"]
[EventCategory "18"]
[SourceTitle "CBM 034"]
[Source "ChessBase"]
[SourceDate "1993.06.01"]
[SourceVersion "1"]
[SourceVersionDate "1993.06.01"]
[SourceQuality "1"]

1. c4 {Anand} e6 2. Nf3 d5 3. g3 c6 4. b3 (4. Qc2 $5) 4... a5 5. Bb2 (5. Nc3 d4
6. Na4 b5 $13) 5... a4 6. Bg2 a3 7. Bc3 b5 8. c5 (8. cxb5 cxb5 9. O-O b4 10.
Bd4 Nc6 $13) 8... Nf6 9. b4 Ne4 10. O-O Nxc3 11. Nxc3 $6 (11. dxc3 $5 {/\ Qb3})
(11. dxc3 $16 {Anand This would have been difficult to meet} Qd7 12. Qc1 Qa7
13. Nd4) 11... d4 12. Ne4 f5 13. Neg5 Be7 14. h4 Bf6 15. Qb3 Qd5 16. Qb1 h6 17.
Nh3 e5 18. e3 dxe3 (18... e4 19. Nf4 Qd8 20. Nxd4 Bxd4 21. exd4 Qxd4 22. d3 $1
$16) 19. dxe3 Ra4 20. Nd4 (20. Rd1 Qc4 {>< b4}) 20... Qd7 21. Nc2 O-O 22. e4 f4
$1 23. Qb3+ Qf7 24. Qxf7+ Rxf7 25. Rfd1 f3 $1 26. Bf1 g5 $1 27. Rd3 g4 $19 28.
Kh2 Rd7 (28... gxh3 $2 {Anand} 29. Bxh3 {><f3}) 29. Rad1 Rxd3 30. Rxd3 Be6 31.
Rd6 Kf7 32. Bxb5 cxb5 33. Rb6 Na6 34. c6 Bxa2 35. Rxb5 Bb1 36. Rb7+ Ke6 37.
Nxa3 Rxa3 38. b5 Bxe4 39. Ra7 gxh3 $138 {[White's flag felt, when he played 40.
c7]} 0-1

[Event "Budapest Honved"]
[Site "Budapest"]
[Date "1991.??.??"]
[Round "?"]
[White "Petrosian, Arshak B"]
[Black "Almasi, Zoltan"]
[Result "1/2-1/2"]
[WhiteElo "2505"]
[BlackElo "2400"]
[Annotator "Ribli,Z"]
[PlyCount "53"]
[EventDate "1991.??.??"]
[EventType "tourn"]
[EventRounds "11"]
[EventCountry "HUN"]
[EventCategory "9"]
[SourceTitle "CBM 027"]
[Source "ChessBase"]
[SourceDate "1992.04.01"]
[SourceVersion "1"]
[SourceVersionDate "1992.04.01"]
[SourceQuality "1"]

1. Nf3 Nf6 2. c4 e6 3. g3 d5 4. Bg2 dxc4 5. Qa4+ Nbd7 6. Qxc4 c5 7. Qb3 Be7 $6
8. Nc3 O-O 9. d3 Bd6 $2 10. O-O a6 11. a4 (11. Ng5 $5 $14) 11... Bc7 12. Nd2
Rb8 13. Nc4 b6 14. Rd1 Qe7 (14... Bb7 $2 15. Bxb7 Rxb7 16. Na5 $18) 15. h3 Rd8
16. Be3 Nf8 (16... Ne5 17. d4 $14) 17. Bd2 h6 18. Be1 N8h7 19. Ne3 Bb7 20. Bxb7
Rxb7 21. Qc4 Ra7 22. d4 cxd4 23. Rxd4 Rc8 24. Rad1 Raa8 25. Qb3 (25. Qd3 $5)
25... Rab8 26. Nc4 (26. h4 $5) 26... e5 27. Nd5 1/2-1/2

[Event "LAT-ch"]
[Site "Latvia"]
[Date "1994.??.??"]
[Round "10"]
[White "Krivonosov, Oleg"]
[Black "Berzinsh, Roland"]
[Result "1/2-1/2"]
[WhiteElo "2400"]
[BlackElo "2475"]
[Annotator "Ribli,Z"]
[PlyCount "98"]
[EventDate "1994.??.??"]
[EventType "tourn"]
[EventRounds "11"]
[EventCountry "LAT"]
[EventCategory "7"]
[SourceTitle "CBM 041"]
[Source "ChessBase"]
[SourceDate "1994.08.01"]
[SourceVersion "1"]
[SourceVersionDate "1994.08.01"]
[SourceQuality "1"]

1. Nf3 Nf6 2. c4 e6 3. g3 a6 4. Bg2 b5 5. b3 Bb7 (5... c5 $5) 6. Nc3 b4 (6...
bxc4 7. bxc4 c5 8. Rb1 $14) (6... c6 $6 7. O-O d5 8. d4 $14 {Cvitan,O-Georgiev,
Ki/Vrsac/1987/CBM05/INF44,08/}) 7. Na4 d6 (7... d5 $6 8. cxd5 Bxd5 9. O-O Be7
10. d3 O-O 11. Qc2 $14 {Pigusov,E-Romanishin,O/Irkutsk/1986/INF42,07/}) 8. d4
Nbd7 9. a3 a5 10. O-O Be7 11. Ne1 (11. Bd2 $5 c5 12. dxc5 dxc5 13. Bf4 O-O 14.
Ne5 $14 {Andersson,U-Kortschnoj,V/Tilburg/1987/CBM04/INF44,(08)/}) 11... Bxg2
12. Kxg2 Qb8 13. Nd3 O-O 14. Bb2 Re8 15. axb4 axb4 16. f3 (16. Re1 Bf8 17. e4
Nb6 18. Nxb6 Qxb6 19. Qf3 $14) 16... Bf8 17. e4 Nb6 18. Nxb6 Qxb6 19. d5 (19.
Qd2 c5 20. d5 exd5 21. exd5 $14) 19... c6 20. dxc6 Qxc6 21. Qd2 (21. Nxb4 $5
Qb7 22. Nd3 $14) 21... Rxa1 22. Bxa1 d5 23. Bxf6 (23. cxd5 exd5 24. e5 Nd7 25.
Nxb4 Bxb4 26. Qxb4 Nxe5 27. Bxe5 Rxe5 28. Rc1 Re2+ 29. Kh3 Qh6+ 30. Qh4 Qxh4+
$10) 23... gxf6 24. exd5 exd5 25. Nxb4 Bxb4 26. Qxb4 Re3 27. Qd2 (27. c5 $5) (
27. Rd1 $5 d4 28. Qb8+ $1 Kg7 29. Qf4 $16) 27... Rxb3 28. cxd5 Qb5 $1 29. Qd4
Rd3 30. Qxf6 Rd2+ $1 31. Rf2 Rxf2+ 32. Kxf2 Qxd5 $10 33. Qb2 h6 34. h4 Qd1 35.
Kg2 Kh7 36. Qf2 Kg7 37. h5 Kh7 38. Qe3 Qc2+ 39. Kh3 Qc8+ 40. g4 Qa6 41. Kg3 Qa1
42. f4 Qd1 43. f5 Qd6+ 44. Kf3 Qa6 45. Qe4 Qa3+ 46. Kf4 Qd6+ 47. Ke3 Qg3+ 48.
Kd4 Qd6+ 49. Kc4 Qc7+ 1/2-1/2